[Event "VIE-ch97 "A""]
[Site "Wien"]
[Date "1997.10.31"]
[Round "7"]
[White "Gajic, R."]
[Black "Trkulja, Z."]
[Result "1/2-1/2"]
[WhiteElo "2100"]
[BlackElo "2195"]
[PlyCount "51"]
[EventDate "1997.10.??"]

1. c4 Nf6 2. Nc3 c5 3. g3 Nc6 4. Bg2 e6 5. Nf3 Be7 6. O-O O-O 7. a3 a6 8. d3
Qc7 9. Bg5 h6 10. Bf4 d6 11. h3 Rb8 12. Rb1 b5 13. cxb5 axb5 14. b4 cxb4 15.
axb4 Nxb4 16. Qb3 Nbd5 17. Nxb5 Qd7 18. Nfd4 Ba6 19. Qa4 Bxb5 20. Rxb5 Nxf4 21.
gxf4 d5 22. Rfb1 Rxb5 23. Qxb5 Qxb5 24. Rxb5 Ra8 25. Bf3 Bd6 26. e3 1/2-1/2

[Event "VIE-ch97 "A""]
[Site "Wien"]
[Date "1997.10.31"]
[Round "7"]
[White "Wallner, J."]
[Black "Sulyok, M."]
[Result "1/2-1/2"]
[WhiteElo "2225"]
[BlackElo "2220"]
[PlyCount "92"]
[EventDate "1997.10.??"]

1. e4 g6 2. d4 Bg7 3. Nc3 d6 4. h3 Nf6 5. Nf3 O-O 6. Be3 c6 7. Qd2 b5 8. Bd3
Qc7 9. Bh6 e5 10. Bxg7 Kxg7 11. O-O a6 12. dxe5 dxe5 13. Qg5 Nbd7 14. Nh4 Nc5
15. f4 h6 16. Qxe5 Qxe5 17. fxe5 Nfd7 18. Nf3 Re8 19. b4 Ne6 20. a4 Rb8 21.
axb5 axb5 22. Ra7 Ng5 23. Nd4 Nxe5 24. h4 Ne6 25. Nxc6 Nxc6 26. Raxf7+ Kg8 27.
Bxb5 Ned4 28. Bxc6 Nxc6 29. Nd5 Be6 30. Rc7 Bxd5 31. exd5 Nxb4 32. c4 Rec8 33.
Rff7 Rxc7 34. Rxc7 Rd8 35. Rc5 Kf7 36. Kf1 Kf6 37. Ke2 Ke5 38. Rb5 Nc2 39. Rb6
Nd4+ 40. Kd3 Rg8 41. g3 Nf3 42. Re6+ Kf5 43. Ke3 Ne5 44. Kd4 Nf3+ 45. Ke3 Ne5
46. Kd4 Nf3+ 1/2-1/2

[Event "VIE-ch97 "A""]
[Site "Wien"]
[Date "1997.11.01"]
[Round "8"]
[White "Staudner, O."]
[Black "Stanec, N."]
[Result "1/2-1/2"]
[WhiteElo "2340"]
[BlackElo "2465"]
[PlyCount "22"]
[EventDate "1997.11.??"]

1. e4 c5 2. Nf3 Nc6 3. Nc3 g6 4. d4 cxd4 5. Nxd4 Bg7 6. Nb3 Nf6 7. Be2 O-O 8.
O-O d6 9. Re1 Re8 10. Bg5 a5 11. a4 Nb4 1/2-1/2

[Event "VIE-ch97 "A""]
[Site "Wien"]
[Date "1997.11.01"]
[Round "8"]
[White "Alvir, A."]
[Black "Posch, W."]
[Result "1-0"]
[WhiteElo "2390"]
[BlackElo "2275"]
[PlyCount "95"]
[EventDate "1997.11.??"]

1. e4 Nf6 2. e5 Nd5 3. d4 d6 4. Nf3 g6 5. Bc4 Nb6 6. Bb3 Bg7 7. O-O O-O 8. a4
a5 9. exd6 cxd6 10. h3 d5 11. Re1 Nc6 12. Nc3 h6 13. Bf4 Bf5 14. Nb5 Rc8 15. c3
Be4 16. Nd2 Bf5 17. Qf3 Qd7 18. g4 Be6 19. Qe3 Kh7 20. Rad1 Nc4 21. Bxc4 dxc4
22. d5 Bxd5 23. Nxc4 Nd4 24. Nb6 Qc6 25. Rxd4 Bxd4 26. Qxd4 Bh1 27. f3 Rcd8 28.
Qf2 Bxf3 29. Na7 Qf6 30. Be5 Qe6 31. Bg7 Kxg7 32. Rxe6 fxe6 33. Qe3 Rd1+ 34.
Kh2 Rh1+ 35. Kg3 Rf1 36. Nd7 Ra8 37. Qxe6 Bd1 38. Nb5 Ra6 39. Qxe7+ Rf7 40.
Qe5+ Kh7 41. Qd5 Bb3 42. Qxb3 Rxd7 43. Nd4 Rf6 44. Qb5 Re7 45. Qxa5 Re3+ 46.
Kg2 Rd3 47. Qc7+ Kh8 48. Qd8+ 1-0

[Event "VIE-ch97 "A""]
[Site "Wien"]
[Date "1997.11.01"]
[Round "8"]
[White "Zoebisch, H."]
[Black "Dueckstein, A."]
[Result "0-1"]
[WhiteElo "2255"]
[BlackElo "2330"]
[PlyCount "54"]
[EventDate "1997.11.??"]

1. d4 Nf6 2. c4 e6 3. Nc3 Bb4 4. e3 c5 5. Bd3 d6 6. Nge2 Nc6 7. Bd2 e5 8. d5
Ne7 9. a3 Bxc3 10. Nxc3 O-O 11. Qc2 Kh8 12. h4 Ne8 13. O-O-O f5 14. f3 a6 15.
Rdf1 Nf6 16. h5 h6 17. Be1 Bd7 18. Bh4 b5 19. e4 b4 20. Nb1 bxa3 21. Nxa3 fxe4
22. fxe4 Neg8 23. Nb1 Bg4 24. Be2 Qd7 25. Nc3 Nxh5 26. Qd1 Bxe2 27. Nxe2 Qg4
0-1

[Event "VIE-ch97 "A""]
[Site "Wien"]
[Date "1997.11.01"]
[Round "8"]
[White "Strauss, A."]
[Black "Trauner, R."]
[Result "1-0"]
[WhiteElo "2235"]
[BlackElo "2285"]
[PlyCount "85"]
[EventDate "1997.11.??"]

1. Nf3 Nf6 2. c4 e6 3. g3 b6 4. Bg2 Bb7 5. b3 Be7 6. Bb2 O-O 7. O-O d6 8. d4 c5
9. Nc3 Ne4 10. Qc2 f5 11. Rad1 Nd7 12. Ne1 Ndf6 13. Nxe4 Bxe4 14. Bxe4 Nxe4 15.
f3 Nf6 16. Ng2 cxd4 17. Bxd4 Qd7 18. e4 fxe4 19. Bxf6 Rxf6 20. Qxe4 Re8 21. Nf4
Bf8 22. Kg2 Qc8 23. Rfe1 Qc5 24. Nd5 Rh6 25. h4 Rc8 26. Nf4 Re8 27. Re2 b5 28.
Rde1 bxc4 29. Qxc4 Qxc4 30. bxc4 Kf7 31. g4 e5 32. h5 Be7 33. Nd5 Rc8 34. Re4
g6 35. hxg6+ Rxg6 36. Rb1 Rg7 37. Rb7 Ke6 38. Nf4+ Kf7 39. Nd5 Ke6 40. Rxa7 Rb8
41. Re2 Rc8 42. Re4 Bf6 43. Nf4# 1-0

[Event "VIE-ch97 "A""]
[Site "Wien"]
[Date "1997.11.01"]
[Round "8"]
[White "Wukits, R."]
[Black "Rogetzer, K."]
[Result "1/2-1/2"]
[WhiteElo "2240"]
[BlackElo "2200"]
[PlyCount "50"]
[EventDate "1997.11.??"]

1. d4 Nf6 2. c4 g6 3. Nc3 Bg7 4. e4 d6 5. Be2 O-O 6. Nf3 e5 7. d5 Na6 8. O-O
Qe8 9. Ne1 Nc5 10. Qc2 a5 11. Bg5 h6 12. Be3 b6 13. Kh1 Ng4 14. Bxg4 Bxg4 15.
f3 Bd7 16. Qd2 Kh7 17. Nd3 f5 18. exf5 gxf5 19. f4 e4 20. Nf2 Qg6 21. Rg1 Rae8
22. Qe2 Bf6 23. g3 Rg8 24. Rg2 Re7 25. h3 Bh4 1/2-1/2

[Event "VIE-ch97 "A""]
[Site "Wien"]
[Date "1997.11.01"]
[Round "8"]
[White "Prager, M."]
[Black "Fordan, T."]
[Result "0-1"]
[WhiteElo "2150"]
[BlackElo "2245"]
[PlyCount "117"]
[EventDate "1997.11.??"]

1. e4 e5 2. Nf3 Nc6 3. d4 exd4 4. Nxd4 Bc5 5. Nb3 Bb6 6. Nc3 Qf6 7. Qe2 Nge7 8.
Be3 O-O 9. g3 Bxe3 10. Qxe3 d5 11. O-O-O dxe4 12. Nxe4 Qg6 13. a3 Bf5 14. f3 a5
15. Nbd2 Rfd8 16. Be2 Nd5 17. Qf2 Nf6 18. Bd3 Ne5 19. Nxf6+ Qxf6 20. Bxf5 Qxf5
21. h3 Rd6 22. f4 Rc6 23. Ne4 Qxe4 24. fxe5 Qxe5 25. Rhe1 Qg5+ 26. Qe3 Qxe3+
27. Rxe3 Kf8 28. Rd7 Re8 29. Rf3 f6 30. g4 h6 31. h4 Re7 32. Rd5 b6 33. g5 hxg5
34. hxg5 Kf7 35. b4 axb4 36. axb4 Rc4 37. Rdf5 Re6 38. c3 Kg6 39. gxf6 Rxf6 40.
Rxf6+ gxf6 41. Kd2 b5 42. Ke2 Kg5 43. Rg3+ Rg4 44. Rd3 c6 45. Rd6 Rc4 46. Kd3
f5 47. Rd8 Kg4 48. Rg8+ Kf3 49. Rg6 f4 50. Kd2 Kf2 51. Kd3 f3 52. Kd2 Kf1 53.
Kd3 f2 54. Kd2 Rh4 55. Rxc6 Kg2 56. Rg6+ Kf3 57. Rf6+ Rf4 58. Rxf4+ Kxf4 59.
Ke2 0-1

[Event "VIE-ch97 "A""]
[Site "Wien"]
[Date "1997.11.01"]
[Round "8"]
[White "Todor, R."]
[Black "Gajic, R."]
[Result "1-0"]
[WhiteElo "2170"]
[BlackElo "2100"]
[PlyCount "33"]
[EventDate "1997.11.??"]

1. d4 d5 2. e4 dxe4 3. Nc3 Bf5 4. f3 exf3 5. Qxf3 Qc8 6. Bc4 e6 7. Nh3 Nf6 8.
O-O Be7 9. Ng5 O-O 10. h3 c6 11. Qe2 h6 12. Nxf7 Rxf7 13. Rxf5 exf5 14. Qxe7
Qf8 15. Qxb7 Nbd7 16. Bxf7+ Kxf7 17. Qxc6 1-0

[Event "VIE-ch97 "A""]
[Site "Wien"]
[Date "1997.11.01"]
[Round "8"]
[White "Seiser, K."]
[Black "Bachofner, A."]
[Result "1/2-1/2"]
[WhiteElo "2100"]
[BlackElo "2145"]
[PlyCount "29"]
[EventDate "1997.11.??"]

1. d4 f5 2. Bf4 Nf6 3. e3 g6 4. h4 h6 5. Bd3 d6 6. Qf3 Nc6 7. Qg3 Rg8 8. Bc4 e6
9. Qf3 Qe7 10. Nc3 Na5 11. Bb5+ Bd7 12. Qe2 a6 13. Bxd7+ Qxd7 14. Nf3 Qc6 15.
O-O-O 1/2-1/2

[Event "VIE-ch97 "A""]
[Site "Wien"]
[Date "1997.11.01"]
[Round "8"]
[White "Trkulja, Z."]
[Black "Schwab, R."]
[Result "0-1"]
[WhiteElo "2195"]
[BlackElo "2265"]
[PlyCount "78"]
[EventDate "1997.11.??"]

1. e4 c6 2. d4 d5 3. exd5 cxd5 4. Bd3 g6 5. c3 Bf5 6. Bxf5 gxf5 7. Bf4 Nc6 8.
Qb3 Qd7 9. Nf3 Bg7 10. Na3 a6 11. O-O-O b5 12. Ne5 Nxe5 13. Bxe5 Bxe5 14. dxe5
e6 15. Nc2 Ne7 16. Nd4 Qc7 17. f4 h5 18. Rd3 Qc4 19. Rg3 h4 20. Rg7 Rc8 21. Kb1
Kf8 22. Rg5 Qd3+ 23. Ka1 Qc4 24. Kb1 Qxb3 25. axb3 Nc6 26. h3 Nxd4 27. cxd4 b4
28. g4 hxg3 29. h4 Rg8 30. Rg1 Rxg5 31. hxg5 Kg7 32. Rxg3 Rh8 33. g6 fxg6 34.
Rg2 Rh1+ 35. Ka2 Rh4 36. Rc2 Rxf4 37. Rc6 Rxd4 38. Rxe6 Re4 39. Rxa6 Rxe5 0-1

[Event "VIE-ch97 "A""]
[Site "Wien"]
[Date "1997.11.01"]
[Round "8"]
[White "Sulyok, M."]
[Black "Sorg, B."]
[Result "1-0"]
[WhiteElo "2220"]
[BlackElo "2204"]
[PlyCount "37"]
[EventDate "1997.11.??"]

1. c4 e5 2. Nc3 Nc6 3. Nf3 g6 4. d4 exd4 5. Nxd4 Bg7 6. Nxc6 bxc6 7. g3 Nf6 8.
Bg2 O-O 9. O-O Re8 10. Re1 Ba6 11. Qa4 Qc8 12. Rb1 Qb7 13. Bd2 d5 14. cxd5 cxd5
15. e4 c6 16. exd5 Rxe1+ 17. Rxe1 cxd5 18. Bg5 Ne4 19. Nxe4 1-0

[Event "VIE-ch97 "A""]
[Site "Wien"]
[Date "1997.11.02"]
[Round "9"]
[White "Stanec, N."]
[Black "Strauss, A."]
[Result "1-0"]
[WhiteElo "2465"]
[BlackElo "2235"]
[PlyCount "83"]
[EventDate "1997.10.??"]

1. d4 d5 2. c4 dxc4 3. Nf3 a6 4. a4 Nf6 5. e3 Bg4 6. Bxc4 e6 7. O-O Nc6 8. h3
Bxf3 9. Qxf3 Bd6 10. Nc3 O-O 11. Rd1 Re8 12. Ba2 Qe7 13. Bd2 Rab8 14. Qe2 e5
15. d5 Nb4 16. e4 Nd7 17. Bc4 Nc2 18. Rac1 Nd4 19. Qf1 Nc5 20. Be3 Ncb3 21. Rb1
Na5 22. Kh1 Nc2 23. Bd2 Bc5 24. Na2 Nb4 25. Nc1 Nxc4 26. Qxc4 b5 27. axb5 axb5
28. Qb3 Na6 29. Ra1 Qd6 30. Nd3 Bd4 31. Qc2 Qb6 32. Rdc1 Ra8 33. Qc6 Reb8 34.
Ba5 Qxc6 35. Rxc6 f5 36. f3 fxe4 37. fxe4 b4 38. Rac1 h6 39. Kh2 Rd8 40. Bxc7
Nxc7 41. Rxc7 b3 42. Rb7 1-0

[Event "VIE-ch97 "A""]
[Site "Wien"]
[Date "1997.11.02"]
[Round "9"]
[White "Rogetzer, K."]
[Black "Alvir, A."]
[Result "1/2-1/2"]
[WhiteElo "2200"]
[BlackElo "2390"]
[PlyCount "144"]
[EventDate "1997.10.??"]

1. d4 Nf6 2. c4 g6 3. Nc3 Bg7 4. e4 d6 5. f3 O-O 6. Nge2 Nbd7 7. Bg5 c5 8. d5
Ne5 9. Ng3 h6 10. Be3 h5 11. Be2 e6 12. O-O exd5 13. cxd5 a6 14. a4 Qc7 15. h3
Ned7 16. Rc1 Qa5 17. Qd2 Rb8 18. Bh6 Qb4 19. Bxg7 Kxg7 20. Qg5 Kh8 21. Rfd1 Nh7
22. Qe7 Qb6 23. a5 Qxa5 24. Qxd6 b5 25. e5 Qb6 26. Qe7 c4+ 27. Kh1 Qc5 28. Qxc5
Nxc5 29. Nce4 Nb3 30. Rc3 h4 31. Nf1 Kg7 32. Ne3 Rd8 33. f4 Nf8 34. Ng4 Bf5 35.
Nd6 Nc5 36. b4 Na4 37. Rcc1 Rxd6 38. exd6 Rd8 39. Rd2 Rxd6 40. Bf3 Nd7 41. Re2
Nf6 42. Nxf6 Kxf6 43. Kg1 Rd8 44. Kf2 c3 45. Re3 Rc8 46. d6 Rd8 47. Bd1 Rxd6
48. Bxa4 bxa4 49. Rexc3 Be6 50. Ke3 Rb6 51. Rc6 Rxb4 52. Rxa6 Rb3+ 53. Kf2 a3
54. Rc2 Rd3 55. Ke2 Rg3 56. Kf2 Kg7 57. Rd2 Rc3 58. Ra7 Kf6 59. Ra5 Rg3 60. Re2
Rc3 61. Re3 Rc2+ 62. Re2 Rxe2+ 63. Kxe2 a2 64. Ke3 Bd5 65. Kd4 Be6 66. Ke4 Ke7
67. Kd4 Kd7 68. Kc5 Bb3 69. Kb4 Be6 70. Kc5 Ke7 71. Kd4 f6 72. Ra6 Bb3 1/2-1/2

[Event "VIE-ch97 "A""]
[Site "Wien"]
[Date "1997.11.02"]
[Round "9"]
[White "Dueckstein, A."]
[Black "Todor, R."]
[Result "1-0"]
[WhiteElo "2330"]
[BlackElo "2100"]
[PlyCount "99"]
[EventDate "1997.10.??"]

1. e4 c5 2. Nf3 Nc6 3. Bb5 g6 4. O-O Bg7 5. c3 e5 6. Na3 Nge7 7. Re1 O-O 8. Nc2
d5 9. d3 d4 10. cxd4 cxd4 11. Bd2 Qb6 12. a4 Bg4 13. Na3 a6 14. Bc4 Nc8 15. Rb1
Nd6 16. Bd5 Kh8 17. h3 Bxf3 18. Qxf3 Ne7 19. Nc4 Nxc4 20. Bxc4 f5 21. a5 Qc7
22. Rbc1 Qd7 23. Qd1 Nc6 24. Qb3 Rf6 25. Bd5 Raf8 26. f3 h6 27. exf5 gxf5 28.
Bxc6 Rxc6 29. Rxc6 Qxc6 30. Rc1 Qd7 31. Qc4 Kh7 32. Bb4 Rf6 33. Qc7 Rf7 34.
Qxd7 Rxd7 35. Kf1 Kg6 36. Ke2 Bf6 37. Rc8 Be7 38. Bd2 Bf6 39. g4 Rh7 40. Rg8+
Rg7 41. Rh8 Bg5 42. Re8 Kf6 43. Bxg5+ hxg5 44. Rh8 Kg6 45. Rd8 Rf7 46. Rd5 fxg4
47. fxg4 Re7 48. Rd6+ Kh7 49. Kf3 Rc7 50. Rb6 1-0

[Event "VIE-ch97 "A""]
[Site "Wien"]
[Date "1997.11.02"]
[Round "9"]
[White "Posch, W."]
[Black "Staudner, O."]
[Result "1/2-1/2"]
[WhiteElo "2275"]
[BlackElo "2340"]
[PlyCount "33"]
[EventDate "1997.10.??"]

1. d4 Nf6 2. Nf3 g6 3. Bf4 Bg7 4. h3 d6 5. Nbd2 c5 6. e3 Nc6 7. c3 O-O 8. Be2
a6 9. O-O b5 10. dxc5 dxc5 11. e4 Bb7 12. Qc2 Nd7 13. Rfd1 Nce5 14. Nb3 Qb6 15.
Nxe5 Bxe5 16. Be3 Qc7 17. f4 1/2-1/2

[Event "VIE-ch97 "A""]
[Site "Wien"]
[Date "1997.11.02"]
[Round "9"]
[White "Fordan, T."]
[Black "Wukits, R."]
[Result "0-1"]
[WhiteElo "2245"]
[BlackElo "2240"]
[PlyCount "52"]
[EventDate "1997.10.??"]

1. d4 Nf6 2. c4 c6 3. Nc3 d5 4. Nf3 dxc4 5. a4 Bg4 6. Ne5 Bh5 7. Nxc4 e6 8. Qb3
Na6 9. e4 Bb4 10. e5 Ne4 11. Nd6+ Nxd6 12. Bxa6 Qa5 13. Bd3 Nf5 14. Bxf5 exf5
15. O-O Rd8 16. Be3 f4 17. Bxf4 Rxd4 18. Be3 Rd7 19. Ne4 O-O 20. Bg5 Bg6 21. e6
Bxe4 22. exd7 Qxg5 23. f3 Qc5+ 24. Kh1 Bd5 25. Qd1 Qd6 26. Qd4 a5 0-1

[Event "VIE-ch97 "A""]
[Site "Wien"]
[Date "1997.11.02"]
[Round "9"]
[White "Schwab, R."]
[Black "Trauner, R."]
[Result "1-0"]
[WhiteElo "2265"]
[BlackElo "2285"]
[PlyCount "95"]
[EventDate "1997.10.??"]

1. e4 e5 2. Nf3 Nf6 3. Qe2 Nc6 4. c3 Qe7 5. d3 g6 6. g3 d6 7. Bg2 Bg7 8. O-O
O-O 9. b4 a6 10. Bg5 Re8 11. a4 h6 12. Bd2 Kh7 13. Na3 Bd7 14. Nc2 Nd8 15. Ne3
Ne6 16. h4 b5 17. axb5 axb5 18. Nd5 Qf8 19. Nh2 Reb8 20. Nxf6+ Bxf6 21. Ng4 Bg7
22. Bxh6 Qd8 23. Bxg7 Kxg7 24. Ne3 c6 25. Qb2 Qe7 26. Rxa8 Rxa8 27. Ra1 Qd8 28.
Bf3 Qb8 29. Rxa8 Qxa8 30. Bg4 Qa4 31. Bxe6 Bxe6 32. d4 Bd7 33. Kg2 f6 34. dxe5
dxe5 35. Qd2 Qa7 36. Qd6 Kf7 37. g4 Qb7 38. g5 Be6 39. gxf6 Qd7 40. Qxd7+ Bxd7
41. Kg3 Kxf6 42. Ng4+ Ke6 43. f4 exf4+ 44. Kxf4 Be8 45. Kg5 Bf7 46. Kh6 Ke7 47.
Kg7 Ke6 48. Ne5 1-0

[Event "VIE-ch97 "A""]
[Site "Wien"]
[Date "1997.11.02"]
[Round "9"]
[White "Sulyok, M."]
[Black "Zoebisch, Z."]
[Result "1/2-1/2"]
[WhiteElo "2220"]
[BlackElo "2255"]
[PlyCount "37"]
[EventDate "1997.10.??"]

1. c4 c5 2. Nf3 Nf6 3. d4 cxd4 4. Nxd4 e6 5. Nc3 Nc6 6. Ndb5 d5 7. Bf4 e5 8.
cxd5 exf4 9. dxc6 bxc6 10. Qxd8+ Kxd8 11. Nd4 Bb7 12. Nb3 Bb4 13. O-O-O+ Kc7
14. Rd4 Bd6 15. Na5 Rad8 16. Rc4 Be5 17. g3 fxg3 18. hxg3 Bxc3 19. bxc3 1/2-1/2